000 00360nam a2200157Ia 4500
008 160316s1993 xxu||||| |||| 00| 0 eng d
082 _a301.000000
_bGID
100 _aGiddens Anthony
245 _aSociology
250 _a2nd
260 _aNew Delhi
_bPolity Press
_c1993
300 _a819p
_b
_c
365 _b558/-
650 _a1.Sociology
700 _a
_a
999 _c10673
_d10673